00945cam a2200205 450000500170000000800410001702000150005805000220007310000280009524502090012325000110033226000640034330000270040750400430043465000300047765000420050794200130054999900190056295201580058120250708102944.0030917s2002 Ag 000 0 spa u a950508578804aKHA5437bF54 20021 aFierro, Guillermo Julio10aCausalidad e imputación b : Caso fortuito, Imputación objetiva, Tentativa, Delitos de omisión, culposos y preterintencionales, Causalidad científica, Delito imposible c / Guillermo Julio Fierro. a1a ed. aBuenos Aires :bAstrea de Alfredo y Ricardo Depalma, c2002 axxiv, 511 p. ;c23 cm. aBibliografía : p. 473-485 e índice 7aDerecho penal zArgentina 7aDerecho penal xCausalidadzArgentina 2lcccLIB c133798d133798 102lcc4070aLIC-002bLIC-002cGENERALd2020-01-21f1a ed.kCSAoKHA5437 F54 2002pBFD000011960r2020-01-21 00:00:00t1v1.00yLIBzrecursos propios DGB